| 000 | 03051nam a22002657a 4500 | ||
|---|---|---|---|
| 003 | GR-AtMCL | ||
| 005 | 20260119104826.0 | ||
| 006 | a|||||r||||||||||| | ||
| 008 | s2016 df||| b||| 000 0 gre d | ||
| 020 | _a9786185242053 | ||
| 040 |
_aGR-AtMCL _bgre _dGR-AtMCL _eAACR2 |
||
| 100 | 1 |
_aΠαπαϊωάννου, Αθανάσιος _98894 |
|
| 245 | 1 | 0 |
_aΕφαρμογές της στατιστικής στις επιστήμες του αθλητισμού και της υγείας με την χρήση του SPSS / _cΠαπαϊωάννου, Αθανάσιος, Ζουρμπάνος, Νικόλαος, Μίνος Γεώργιος. |
| 260 |
_a[{χ.τ.] : _bΔίσιγμα, _c2016. |
||
| 300 |
_a481 σελ. : _bεικ. ; _c24 εκ. |
||
| 504 | _aΠεριέχει βιβλιογραφία. | ||
| 505 | 0 | _a1. Εισαγωγή -- 2. Το PASW με μια ματιά -- 3. Περιγραφική στατιστική: η μέση τιμή και η διάμεσος -- 4. Από την περιγραφική στην επαγωγική στατιστική: τα σημεία κλειδιά -- 5. Η ανάλυση συσχέτισης (Pearson's r) -- 6. Το x2 (chi-square) -- 7. T-test για ανεξάρτητα δείγματα (independent samples t-test) -- 8. Εξέταση διαφόρων μεταξύ δύο μέσων τιμών από συσχετιζόμενες τιμές - από κατά ζεύγη δείγματα (paired t-test) -- 9. Ανάλυση διακύμανσης μιας κατεύθυνσης (one-way analysis of variance) -- 10. Ανάλυση διακύμανσης δύο κατευθύνσεων ή πολλών παραγόντων (two-way analysis of variance or factorial anova) -- 11. Μέγεθος επίδρασης και δύναμη συσχέτισης (η2) σε Anova -- 12. Ανάλυση συνδιακύμανσης (analysis of covariance-ancova) -- 13. Ανάλυση αξιοπιστίας άλφα του cronbach (reliability analysis) -- 14. Παραγοντική ανάλυση - Ανάλυση κύριων συνιστωσών (exploratory factor analysis-principal components analysis) -- 15. Τυπική ανάλυση παλινδρόμησης (standard regression analysis) -- 16. Ιεραρχική ανάλυση παλινδρόμησης (hierarchical regression analysis) -- 17. Πολυμεταβλητή ανάλυση διακύμανσης (Multivariate analysis of Variance-Manova) -- 18. Πολυμεταβλητή ανάλυση συνδιακύμανσης (Multivariate analysis of covariance-mancova) -- 19. Ανάλυση διακύμανσης επαναλαμβανόμενων μετρήσεων (repeated measures analysis of variance-anova) -- Βιβλιογραφία. | |
| 650 | 0 |
_aΑθλητισμός _99989 |
|
| 650 | 0 |
_aΥγείας & Αθλητισμού _99990 |
|
| 653 | _aSPSS | ||
| 700 |
_aΖουρμπάνος, Νικόλαος _910271 |
||
| 700 |
_aΜίνος, Γεώργιος _910272 |
||
| 942 | _cBK | ||
| 999 |
_c10064 _d10064 |
||